00366 a2200145 4500003000400000005001700004008004100021020001800062040000900080082001500089100001700104245006300121260002700184300000900211OSt20231109133010.0231109b |||||||| |||| 00| 0 eng d a9788192895222 coclc a320bTHA/N aThangal, M I aNeunapaksharashtreeyam darsanavum doutyavum /cM I Thangal aKerala:bGrace,c2021. a250p